01209nam a2200193Ia 4500001001100000003001000011008004100021040002500062041001300087100001900100245010900119250001100228260008600239300001200325500026400337501011400601520026400715650003600979L200-53525IT-CnALBA170116s9999||||xx |||||||||||||| ||und|| aIT-CnALBAcIT-CnALBA aITALIANO aLASCONI TONINO 0aO CATECHISTA, MIO CATECHISTA. IDEE, STIMOLI, SPUNTI, RIFORNIMENTI CREATIVI PER CATECHISTI PARROCCHIALI.  a1a ed. a MI, TObPAOLINE EDITORIALE LIBRI c1997 [1° Ed.:1997 - Ed.Ling.Originale: 1997] a124 p.  aTABOR. LA FELICITÀ PER I CATECHISTI. CATECHESI OBBLIGO E DONO. LA COMUNITÀ. PRIMATO DELLE PERSONE. COMUNICAZIONE. NON SOLO CON LA PAROLA. A SCUOLA DELLA PUBBLICITA'. CONTENUTO. LA PREGHIERA DI VITA. CATECHESI QUASI GIOCO. PROCLAMAZIONE. CATECHESI FELICI.  aSocietà San Paolo EM - Piazza San Paolo, 14 - 12051 ALBA (CN) (non commercial uses only) ® Copyright 2017 aTABOR. LA FELICITÀ PER I CATECHISTI. CATECHESI OBBLIGO E DONO. LA COMUNITÀ. PRIMATO DELLE PERSONE. COMUNICAZIONE. NON SOLO CON LA PAROLA. A SCUOLA DELLA PUBBLICITA'. CONTENUTO. LA PREGHIERA DI VITA. CATECHESI QUASI GIOCO. PROCLAMAZIONE. CATECHESI FELICI.  aRELIGIONE - RELIGIONE CRISTIANA